Los Tormentos de la materia: aportes para una ecología política latinoamericana /

Zapisane w:
Opis bibliograficzny
1. autor: Alimonda, Héctor
Format: Texto
Wydane: Buenos Aires: CLACSO
Etykiety: Dodaj etykietę
Nie ma etykietki, Dołącz pierwszą etykiete!

MARC

LEADER 00000 a a2200000 04500
001 33475
003
040
020 |a 987-1183-37-2  
022 |a 987-1183-37-2  
090 |a 1001 A411t  
100 |a Alimonda, Héctor  
245 |a Los Tormentos de la materia: aportes para una ecología política latinoamericana /  |c Héctor Alimonda 
260 |a Buenos Aires:   |b CLACSO  
300 |a 274 p.   |b il.   |b map.  
999 |c 10662  |d 10662